000 00755nam a2200253Ia 4500
005 20220316235603.0
008 121119s1995 mx gr 000 0 spa
020 _a9701500148
041 0 _aspa
082 0 4 _a629.246
_bM17f
100 1 _aMarti Parera, Albert
245 1 0 _aFrenos ABS
_cAlbert Marti Parera
250 _aPrimera edición
300 _a119 páginas
_c23 cm
650 1 4 _aFrenos
_xDiseño y construcción
_2LEMB
650 1 4 _aFrenos ABS
_vManuales
_2LEMB
650 1 4 _aAutomóviles
_xFrenos
_vManuales
_2LEMB
942 _2ddc
_cBK
264 _aMéxico
_bAlfaomega
_c1995
336 _atexto
_btxt
_2rdacontent
337 _asin mediación
_bn
_2rdamedia
338 _avolumen
_bnc
_2rdacarrier
040 _aCO-BoRNBP
_bspa
_erda
_cCO-BoRNBP
999 _c1454
_d1454